000
00333nam a2200133Ia 4500
008
220216s9999 xx 000 0 und d
100
_a
Lalithambika J
245
0
_a
Liberalisation to boost export capability
260
_b
Rubber Asia
_c
1994
300
_a
33-36
650
_a
Natural rubber
650
_a
Rubber export
942
_c
JS
999
_c
62167
_d
62167